Cechy Nominalne - Statystyki

Ogólne statystyki
  • Ten quiz został rozwiązany 136 razy
  • Średni wynik to 5 z 10
Answers on the Grid
Answers color-coded by a green-red scale on the quiz's grid according to % correct below.
Czas pracy (np. 8 godzin)
Gatunek filmu (komedia, thriller, dramat)
Grupa krwi (A, B, AB, 0)
Kolor oczu (niebieskie, zielone, brązowe)
Liczba dni w miesiącu
Liczba mieszkańców miasta
Liczba pięter w budynku
Marka telefonu (Samsung, Apple, Huawei)
Powierzchnia boiska (m²)
Poziom wykształcenia (np. podstawowe, średnie, wyższe)
Poziom znajomości języka (A1, B2, C2)
Pozycja w konkursie (1. miejsce, 2. miejsce, 3. miejsce)
Prędkość samochodu (np. 80 km/h)
Religia (chrześcijaństwo, islam, buddyzm)
Rodzaj kuchni (włoska, chińska, polska)
Rodzaj owocu podany w kolejności dojrzewania (np. "zielony", "żółty", "brązowy"
Rodzaj paliwa (benzyna, diesel, elektryczne)
Rok założenia firmy (np. 1999)
Rozmiar ubrań (np. S, M, L)
Stan cywilny (wolny, żonaty/zamężna, rozwiedziony)
Stan zdrowia (bardzo dobry, dobry, zły)
Stopień trudności egzaminu (np. łatwy, średni, trudny)
Temperatura (np. 25°C)
Typ mieszkania (kawalerka, apartament, dom)
Typ transportu (rower, tramwaj, autobus)
Waga bagażu (kg)
Wiek osoby w latach
Wynik egzaminu (np. 85%)
Wynik na skali Likerta (np. 4/5 – „raczej się zgadzam”)
Wzrost człowieka (cm)
 
Statystyki odpowiedzi
Odpowiedź % Poprawnych
Gatunek filmu (komedia, thriller, dramat)
100%
Grupa krwi (A, B, AB, 0)
100%
Kolor oczu (niebieskie, zielone, brązowe)
100%
Marka telefonu (Samsung, Apple, Huawei)
33%
Religia (chrześcijaństwo, islam, buddyzm)
33%
Rodzaj kuchni (włoska, chińska, polska)
33%
Rodzaj paliwa (benzyna, diesel, elektryczne)
33%
Stan cywilny (wolny, żonaty/zamężna, rozwiedziony)
33%
Typ mieszkania (kawalerka, apartament, dom)
33%
Typ transportu (rower, tramwaj, autobus)
33%
Nie znaleziono quizów pasujących do podanych kryteriów
Rozkład punktacji
Procent ludzi z każdym wynikiem
Percentyl według liczby udzielonych odpowiedzi
Twoja historia wyników
Nie rozwiązałeś tego quizu